Naval strategy and national security /

Bibliographic Details
Other Authors: Miller, Steven E., Van Evera, Stephen
Format: Book
Language:English
Published: Princeton, N.J. : Princeton University Press, [1988]
Subjects:

MARC

Tag First Indicator Second Indicator Subfields
LEADER 00000cam a2200000 a 4500
001 in00000027976
005 20151007054700.0
008 880527s1988 njua b 00000 eng d
010 |a  87036108  
020 |a 0691077754 
020 |a 0691022720 (pbk.) 
035 |a (OCoLC)18008738 
035 |9 AAB5923AM 
040 |a DLM  |c DLM  |d GSU  |d TXA  |d UtOrBLW 
049 |a TXAM  |c [A11521676] 
050 4 |a V165  |b .N38 1988 
245 0 0 |a Naval strategy and national security /  |c edited by Steven E. Miller and Stephen Van Evera. 
264 1 |a Princeton, N.J. :  |b Princeton University Press,  |c [1988] 
264 4 |c ©1988 
300 |a xi, 389 pages :  |b illustrations ;  |c 25 cm. 
336 |a text  |b txt  |2 rdacontent 
337 |a unmediated  |b n  |2 rdamedia 
338 |a volume  |b nc  |2 rdacarrier 
500 |a "First published in International security"--Title page verso. 
500 |a "An International security reader." 
504 |a Includes bibliographical references. 
650 0 |a Naval strategy. 
650 0 |a National security  |z United States. 
700 1 |a Miller, Steven E. 
700 1 |a Van Evera, Stephen. 
730 0 |a Security, International. 
999 |a MARS 
999 f f |s 560cdaea-fde7-3376-907b-63382868f610  |i e2acbaa9-3a52-3353-857d-1189d823a7fe  |t 0 
952 f f |p normal  |a Texas A&M University  |b College Station  |c Sterling C. Evans Library  |d Evans: Library Stacks  |t 0  |e V165 .N38 1988  |h Library of Congress classification  |i unmediated -- volume  |m A14811521676 
998 f f |a V165 .N38 1988  |t 0  |l Evans: Library Stacks